000 02113cam a22005174i 4500
003 PE-LiUPU
005 20250731173415.0
008 s2003 ck r 00 d spa 0
020 _a1579725338
035 _a(Sirsi) i9781579725334
035 _a(Sirsi) 47018
035 _a(Sirsi) 47018
040 _aPE-LiUPU
_bspa
_cPE-LiUPU
_erda
049 _aPRUA
082 0 4 _a227.9207
_bS98
100 1 _aSwindoll, Charles R.,
_eautor.
245 1 0 _aEsperanza en tiempos de aflicción : un estudio de 1 Pedr :
_bGuía de estudio bíblico de Visión para vivir. Del ministerio de enseñanza bíblica /
_cCharles R. Swindoll adaptación en español por David Hormachea.
264 1 _aBogotá :
_bVisión para vivir,
_c2003
300 _a180 páginas ;
_c21 centímetros.
336 _atext
_2rdacontent
337 _aunmediated
_2rdamedia
338 _avolume
_2rdacarrier
490 0 _aGuía de estudio bíblico de visión para vivir
500 _aTítulo tomado de la cubierta
505 0 _aPedro: el hombre y su mensaje -- Cómo podemos sonreír en el sufrimiento -- Cómo mantenerse limpio en una sociedad corrupta -- Razones para trabajar unidos -- Varios retratos de santos ejemplares -- Cómo perseverar avanzando a pesar de haber
526 _aSEG42
526 _aSEG41
526 _aSEG40
526 _aSEG39
526 _aP94
526 _aP87
526 _aP86
526 _aP85
526 _aP77
526 _aP76
526 _aP35
630 _aBiblia
_pN.T.
_pPedro I
_xEstudio y enseñanza
700 1 _aHormachea, David
_etraductor.
942 _2ddc
_cBOOK
949 _a227.9207 S98
_i64672
_lCCODEBUL1
_mBUL
_tLIBRO
_o.STAFF. Colección General
859 _q64672
_h227.9207
_iS98
910 _agl
_bjv
_clch
_d20120522
596 _a1
999 _a227.9207 S98
_wDEWEY
_c53379
_i64672
_d53379
_e2017-5-2
_f2021-11-9
_g5
_lCCODEBUL1
_mBUL
_n2
_p12.00
_r0
_sY
_tBOOK
_u2015-7-6
_xTEOLOGIA
_PP35
_0COMPRA
_o.STAFF. Colección Teología
980 _81
_gALBERTO SANCHEZ Responsable de Automatización